| 000 | 01529cam a22003974a 4500 | ||
|---|---|---|---|
| 001 | 15235181 | ||
| 003 | OSt | ||
| 005 | 20151014144402.0 | ||
| 008 | 080327m20099999maua 001 0 eng | ||
| 010 | _a 2008925872 | ||
| 020 | _a9780312441531 (v. 1 student edition : alk. paper) | ||
| 020 | _a0312441533 | ||
| 020 | _a9780312388126 (v. 1 complimentary copy edition : alk. paper) | ||
| 020 | _a0312388128 | ||
| 020 | _a9780312441548 (v. 2 student edition : alk. paper) | ||
| 020 | _a0312441541 | ||
| 020 | _a9780312388133 (v. 2 : alk. paper) | ||
| 020 | _a0312388136 | ||
| 040 |
_aDLC _cDLC _dDLC |
||
| 050 | 0 | 0 |
_aPN6013 _b.B353 2009 |
| 082 | 0 | 0 |
_a808.8 _222 |
| 245 | 0 | 4 |
_aThe Bedford anthology of world literature / _cedited by Paul Davis ... [et al.]. |
| 250 | _aCompact ed. | ||
| 260 |
_aBoston, MA : _bBedford/St. Martins, _c<c2009- > |
||
| 300 |
_av. <2 > : _bill. ; _c24 cm. |
||
| 500 | _aIncludes index. | ||
| 505 | 0 | _a-- v. 2. the modern world, 1650-present. | |
| 650 | 0 |
_aLiterature _vCollections. |
|
| 700 | 1 | _aDavis, Paul. | |
| 856 | 4 | 2 |
_3Contributor biographical information _uhttp://www.loc.gov/catdir/enhancements/fy0905/2008925872-b.html |
| 856 | 4 | 2 |
_3Publisher description _uhttp://www.loc.gov/catdir/enhancements/fy0905/2008925872-d.html |
| 856 | 4 | 1 |
_3Table of contents only _uhttp://www.loc.gov/catdir/enhancements/fy0905/2008925872-t.html |
| 906 |
_a0 _bibc _corignew _d2 _eepcn _f20 _gy-gencatlg |
||
| 942 |
_2lcc _cBK |
||
| 999 |
_c250655 _d250655 |
||